Red Head Celebrities Quiz Stats

Quiz not verified by Sporcle

Also try: Most Popular Pets
Challenge
Share
Tweet
Embed
Score 0/10 Timer 03:00
0 Plays Today
% Correct
Prince Harry
81%
Nicole Kidman
79.6%
Lindsay Lohan
77.5%
Rupert Grint
71.8%
Ed Sheeran
62.7%
Isla Fisher
61.3%
Geri Halliwell
58.6%
Julia Roberts
48.6%
Karen Gillan
45.8%
Ginger Rogers
34.5%

You're not logged in!

Compare scores with friends on all Sporcle quizzes.
Sign Up with Email
OR
Log In

You Might Also Like...

Show Comments

Extras

Top Quizzes Today


Score Distribution

Your Account Isn't Verified!

In order to create a playlist on Sporcle, you need to verify the email address you used during registration. Go to your Sporcle Settings to finish the process.